| 000 | 00955cam a22003017a 4500 | ||
|---|---|---|---|
| 003 | CHAP | ||
| 005 | 20220329140505.0 | ||
| 008 | 971013s1971 r 00010 d | ||
| 010 | _a52758 | ||
| 011 | _a53730 | ||
| 035 | _a57880 | ||
| 040 | _cCHAP | ||
| 082 |
_a378.99 _bW6Y |
||
| 110 |
_aWorld Year Book of Education, _d1968 _9122749 |
||
| 245 | 1 | 3 | _aLa educación en el mundo de la industria |
| 260 |
_aBuenos Aires : _bEstrada, _c1971 |
||
| 300 | _a353 p. | ||
| 490 | 0 | _aBiblioteca de ciencias de la educación | |
| 590 |
_aBATCH-UPD _b10 _c20130110 _lUCH01 _h1950 |
||
| 590 |
_aBATCH-UPD _b10 _c20130410 _lUCH01 _h1312 |
||
| 590 |
_aBATCH-UPD _b10 _c20130914 _lUCH01 _h1252 |
||
| 590 |
_aCONVERSION _b10 _c20130109 _lUCH01 _h1328 |
||
| 650 | 1 | 4 |
_aEducación técnica. _935672 |
| 830 | 0 |
_aBiblioteca de ciencias de la educación _912273 |
|
| 901 | _aBK | ||
| 942 | _cLIBRO | ||
| 949 |
_a378.99 W6Y _bBC _cLIBRO _d33724000440392 _eLIBRO _h17049 _i57880 _mD _si |
||
| 999 |
_c52758 _d52758 |
||